El príncipe /

Guardado en:
Autor Principal: Maquiavelo, Nicolás
Formato: Libro
Publicado: Buenos Aires : Sopena, 1944
Edición:2a. ed.
Materias:
Etiquetas: Agregar Etiqueta
Sin Etiquetas, Sea el primero en etiquetar este registro!
LEADER 00477nam a22001815a 4500
001 CEM.cems004139
005 20060216000000.0
008 130507s1944##################000#0#####d
003 CEMS
082 0 4 |a 854.3 
100 1 |a Maquiavelo, Nicolás 
245 1 0 |a El príncipe / 
250 |a 2a. ed. 
260 |a Buenos Aires :  |b Sopena,  |c 1944 
300 |a 155 p. 
653 |a Literatura 
653 |a Literatura italiana 
859 |a CEMS  |b BIB. CEMS - 11 de abril  |h 854.3  |i M322-2a2  |p 13769.85  |t Ej.1